Manual de práctica operatoria / (Record no. 107019)

MARC details
000 -LEADER
campo de control de longitud fija 00684nam a2200205 4500
001 - NÚMERO DE CONTROL
campo de control 107019
003 - IDENTIFICADOR DE NÚMERO DE CONTROL
campo de control ES-MaACL
005 - FECHA Y HORA DE LA ÚLTIMA TRANSACCIÓN
campo de control 20251016163307.0
007 - CAMPO FIJO DE DESCRIPCIÓN FÍSICA--INFORMACIÓN GENERAL
campo de control de longitud fija t|
008 - DATOS DE LONGITUD FIJA--INFORMACIÓN GENERAL
campo de control de longitud fija 061121s1951 sp r ||||1| spa d
100 1# - ENTRADA PRINCIPAL--NOMBRE DE PERSONA
Nombre de persona Moral Torres, Juan.
9 (RLIN) 82952
245 10 - MENCIÓN DEL TÍTULO
Título Manual de práctica operatoria /
Mención de responsabilidad, etc. Juan Moral Torres, J. Cano Ivorra, I. Ramos Fuentes; prólogo F. Martín Lagos.
260 ## - PUBLICACIÓN, DISTRIBUCIÓN, ETC.
Lugar de publicación, distribución, etc. Madrid :
Nombre del editor, distribuidor, etc. [s.n.],
Fecha de publicación, distribución, etc. 1951 (
Fabricante Estades)
300 ## - DESCRIPCIÓN FÍSICA
Extensión XXIV, 497 p. :
Otras características físicas il ;
Dimensiones 25 cm.
700 1# - ENTRADA AGREGADA--NOMBRE PERSONAL
Nombre de persona Cano Ivorra, J.
9 (RLIN) 34552
700 1# - ENTRADA AGREGADA--NOMBRE PERSONAL
Nombre de persona Ramos Fuentes, I.
9 (RLIN) 95315
700 1# - ENTRADA AGREGADA--NOMBRE PERSONAL
Nombre de persona Martín Lagos, Francisco,
Fechas asociadas al nombre 1897-1972
9 (RLIN) 77533
852 ## - LOCALIZACIÓN
Ubicación ES-MaACL
Número de control de estantería E-1421
Sublocalización o colección R.31447
Holdings
Estatus retirado Estado de pérdida Estado de daño No para préstamo Biblioteca de origen Biblioteca actual Ubicación en estantería Fecha de adquisición Fuente de adquisición Total de préstamos Signatura topográfica completa Código de barras Visto por última vez Precio de reemplazo Tipo de ítem Koha
        Biblioteca del Ateneo de Madrid Biblioteca del Ateneo de Madrid Depósito 2 17/01/2008     E-1421 1111701 23/02/2023 23/02/2023 Libro impreso